Spanish Words Again - Statistics

General Stats
  • This quiz has been taken 256 times
  • The average score is 49 of 112
Answer Stats
Hint Answer % Correct
nuevo new
93%
large grande
86%
viejo old
81%
siempre always
79%
the bath el bano
78%
the bathroom el cuarto de bano
78%
the house la casa
78%
tambien also
77%
to pay pagar
77%
small pequeno
76%
to buy comprar
73%
the table la mesa
73%
the eye el ojo
71%
preguntar to ask
71%
the foot el pie
69%
the mouth la boca
69%
the kitchen la cocina
69%
alguno some
69%
cocinar to cook
69%
to need necesitar
68%
to want querer
68%
limpiar to clean
68%
saber/conocer to know
68%
lavar to wash
68%
jamas, nunca never
67%
to sell vender
66%
the head la cabeza
64%
the hand la mano
64%
to look for buscar
63%
to enter entrar
62%
the teeth los dientes
62%
the stomach el estomago
61%
the face la cara
61%
the nose la nariz
61%
the chair la silla
61%
the heart el corazon
60%
El cuerpo the body
60%
the hair el pelo
59%
the leg la pierna
59%
la tienda the store
59%
los calcetines the socks
58%
the blood la sangre
57%
the arm el brazo
54%
algo something
54%
to cost costar
53%
the ear la oreja
53%
the bedroom el dormitorio
51%
the mirror el espejo
51%
the television la television
51%
the back la espalda
50%
the tongue la lengua
50%
nadie nobody
50%
the suit el traje
49%
Other Things Otras Cosas
49%
the T-shirt la camiseta
48%
the soap el jabon
47%
the sweater el sueter
47%
the skin la piel
46%
the brain el cerebro
44%
the shoulder el hombro
44%
the living room la sala
44%
secar to dry
44%
the shower la ducha
43%
the lips los labios
40%
the garage el garaje
39%
the brush el cepillo
38%
the knee la rodilla
38%
Los Mubles The Furniture
38%
to get dressed vestirse
37%
the desk el escritorio
36%
the chest el pecho
34%
to wear lleva
34%
ninguno none
33%
alguien somebody
32%
the room, the bedroom el cuarto
31%
the couch el sofa
30%
the washing machine la maquina de lavar
30%
planchar to iron
29%
the hair el cabello
27%
the dining room el comedor
27%
the swimsuit el traje de bano
26%
to shop, to go shopping ir de compras
24%
the toothbrush el cepillo de dientes
23%
the dryer la secadora
22%
the toothpaste la pasta de dientes
19%
I'm wearing... llevo
19%
medium mediano
19%
the forehead la frente
18%
the underwear la ropa interior
17%
What are you wearing? que llevas
17%
the salesman el vendedor
14%
the fingernails and toenails las unas
14%
the sales woman la vendedora
14%
the dishwasher el lavaplatos
13%
to try on probarse
13%
pedir to request
13%
the easy chair el sillon
12%
to wear, to put on clothes ponerse
12%
the bathtub la banera
10%
tampoco niether
10%
the comb el peine
9%
recoger to pick up
9%
LOS Quehaceres Chores
8%
the sweatshirt la sudadera
8%
sacar la basura to take out the garbage
8%
the toliet paper el papel higienico
7%
the neck el cuella
6%
to choose escoger
6%
ya no not anymore
6%
th dresser el tocador
1%
doblar la ropa to fold the laundry
0%
tirar to throw away
0%
No matching quizzes found
Score Distribution
Percent of People with Each Score
Percentile by Number Answered
Your Score History
You have not taken this quiz